000 00603nam a22001937a 4500
003 OSt
005 20251205034310.0
008 251205b |||||||| |||| 00| 0 eng d
020 _a9718581642
040 _aDWCL - Main
_cOC
082 _aFil. 490.735 Or63s 2005
100 _aOrpilla, Willy P. G.
_eAuthor
245 _aSay it :
_bthe American way /
_cWilly P. Orpilla
260 _aQuezon City, Philippines:
_bGreat Books Pub.,
_cc2005.
300 _aix, 204 p.
_c17 cm.
650 _a1. English language -- Idioms.
700 _aI. Caingles, Anthony Robert C.
_eEditor
942 _2ddc
_cBK - FIL
_n0
999 _c6921
_d6921